<?xml version="1.0" encoding="UTF-8"?>
<record
    xmlns:xsi="http://www.w3.org/2001/XMLSchema-instance"
    xsi:schemaLocation="http://www.loc.gov/MARC21/slim http://www.loc.gov/standards/marcxml/schema/MARC21slim.xsd"
    xmlns="http://www.loc.gov/MARC21/slim">

  <leader>01612nam a22003617a 4500</leader>
  <controlfield tag="008">100518s2007    nyu|||||s|||| 000 0 eng d</controlfield>
  <datafield tag="020" ind1=" " ind2=" ">
    <subfield code="a">0767097157</subfield>
  </datafield>
  <datafield tag="082" ind1=" " ind2=" ">
    <subfield code="2">22</subfield>
    <subfield code="a">600</subfield>
    <subfield code="b">TEC</subfield>
  </datafield>
  <datafield tag="245" ind1="0" ind2="0">
    <subfield code="a">Modern Marvels</subfield>
    <subfield code="h">[videorecording] :</subfield>
    <subfield code="b">Technology /</subfield>
    <subfield code="c">Produced by Digital Ranch (Firm), Jupiter Entertainment, Inc. and Hearst/Actuality for The History Channel.</subfield>
  </datafield>
  <datafield tag="260" ind1=" " ind2=" ">
    <subfield code="a">New York :</subfield>
    <subfield code="b">A &amp; E Television Networks, 2007</subfield>
    <subfield code="c">2007</subfield>
  </datafield>
  <datafield tag="300" ind1=" " ind2=" ">
    <subfield code="a">8 videodiscs (7 hr., 30 min.) : </subfield>
    <subfield code="b">sd., col. ; </subfield>
    <subfield code="c">4 3/4 in.</subfield>
  </datafield>
  <datafield tag="505" ind1=" " ind2=" ">
    <subfield code="a">Candy -- Sugar -- The world's longest bridge-- Walt Disney World -- The Manhattan Project -- More engineering disasters -- James Bond gadgets -- Monster trucks.</subfield>
  </datafield>
  <datafield tag="610" ind1=" " ind2=" ">
    <subfield code="9">14076</subfield>
    <subfield code="a">Manhattan Project (U.S.)</subfield>
  </datafield>
  <datafield tag="650" ind1=" " ind2=" ">
    <subfield code="9">4745</subfield>
    <subfield code="a">Candy </subfield>
    <subfield code="x">History</subfield>
  </datafield>
  <datafield tag="650" ind1=" " ind2=" ">
    <subfield code="9">4746</subfield>
    <subfield code="a">Sugar </subfield>
    <subfield code="x">Manufacture and refining</subfield>
  </datafield>
  <datafield tag="650" ind1=" " ind2=" ">
    <subfield code="9">14088</subfield>
    <subfield code="a">Sugar trade</subfield>
    <subfield code="x">History</subfield>
  </datafield>
  <datafield tag="650" ind1=" " ind2=" ">
    <subfield code="9">14080</subfield>
    <subfield code="a">Suspension bridges </subfield>
    <subfield code="z">Japan</subfield>
  </datafield>
  <datafield tag="650" ind1=" " ind2=" ">
    <subfield code="9">14077</subfield>
    <subfield code="a">Atomic bomb</subfield>
    <subfield code="x">History</subfield>
    <subfield code="z">United States</subfield>
  </datafield>
  <datafield tag="650" ind1=" " ind2=" ">
    <subfield code="9">14078</subfield>
    <subfield code="a">James Bond films </subfield>
    <subfield code="x">History and criticism.</subfield>
  </datafield>
  <datafield tag="650" ind1=" " ind2=" ">
    <subfield code="9">14079</subfield>
    <subfield code="a">Monster trucks</subfield>
    <subfield code="x">History.</subfield>
  </datafield>
  <datafield tag="651" ind1=" " ind2=" ">
    <subfield code="9">14089</subfield>
    <subfield code="a">Walt Disney World (Fla.)</subfield>
    <subfield code="x">History</subfield>
  </datafield>
  <datafield tag="655" ind1=" " ind2=" ">
    <subfield code="a">Documentary television programs</subfield>
  </datafield>
  <datafield tag="655" ind1=" " ind2=" ">
    <subfield code="a">Historical television programs</subfield>
  </datafield>
  <datafield tag="655" ind1=" " ind2=" ">
    <subfield code="a">Science television programs</subfield>
  </datafield>
  <datafield tag="655" ind1=" " ind2=" ">
    <subfield code="a">Television programs</subfield>
  </datafield>
  <datafield tag="655" ind1=" " ind2=" ">
    <subfield code="a">Science television programs</subfield>
  </datafield>
  <datafield tag="650" ind1=" " ind2=" ">
    <subfield code="9">11941</subfield>
    <subfield code="a">Disasters</subfield>
  </datafield>
  <datafield tag="710" ind1=" " ind2=" ">
    <subfield code="9">14086</subfield>
    <subfield code="a">Digital Ranch (Firm)</subfield>
  </datafield>
  <datafield tag="710" ind1=" " ind2=" ">
    <subfield code="9">14087</subfield>
    <subfield code="a">Jupiter Entertainment, Inc.</subfield>
  </datafield>
  <datafield tag="710" ind1=" " ind2=" ">
    <subfield code="9">14052</subfield>
    <subfield code="a">History Channel (Television network)   </subfield>
  </datafield>
  <datafield tag="710" ind1=" " ind2=" ">
    <subfield code="9">14057</subfield>
    <subfield code="a">Arts and Entertainment Network</subfield>
  </datafield>
  <datafield tag="942" ind1=" " ind2=" ">
    <subfield code="2">ddc</subfield>
    <subfield code="c">CDVDDOC</subfield>
  </datafield>
  <datafield tag="999" ind1=" " ind2=" ">
    <subfield code="c">14005</subfield>
    <subfield code="d">14005</subfield>
  </datafield>
  <datafield tag="952" ind1=" " ind2=" ">
    <subfield code="0">0</subfield>
    <subfield code="1">0</subfield>
    <subfield code="2">ddc</subfield>
    <subfield code="4">0</subfield>
    <subfield code="7">0</subfield>
    <subfield code="8">Baccah</subfield>
    <subfield code="a">MAIN</subfield>
    <subfield code="b">MAIN</subfield>
    <subfield code="c">1ST</subfield>
    <subfield code="d">2010-05-18</subfield>
    <subfield code="l">0</subfield>
    <subfield code="o">600 TEC</subfield>
    <subfield code="p">000016352</subfield>
    <subfield code="r">2022-08-24 00:00:00</subfield>
    <subfield code="w">2010-05-18</subfield>
    <subfield code="y">CDVDDOC</subfield>
    <subfield code="z">Monster Trucks &amp; James Bond Gadgets</subfield>
  </datafield>
  <datafield tag="952" ind1=" " ind2=" ">
    <subfield code="0">0</subfield>
    <subfield code="1">0</subfield>
    <subfield code="2">ddc</subfield>
    <subfield code="4">0</subfield>
    <subfield code="7">0</subfield>
    <subfield code="8">Baccah</subfield>
    <subfield code="a">MAIN</subfield>
    <subfield code="b">MAIN</subfield>
    <subfield code="c">1ST</subfield>
    <subfield code="d">2010-05-18</subfield>
    <subfield code="e">Purchase</subfield>
    <subfield code="l">0</subfield>
    <subfield code="o">600 TEC</subfield>
    <subfield code="p">000016355</subfield>
    <subfield code="r">2022-08-24 00:00:00</subfield>
    <subfield code="w">2010-05-18</subfield>
    <subfield code="y">CDVDDOC</subfield>
    <subfield code="z">Candy&amp; Sugar</subfield>
  </datafield>
  <datafield tag="952" ind1=" " ind2=" ">
    <subfield code="0">0</subfield>
    <subfield code="1">0</subfield>
    <subfield code="2">ddc</subfield>
    <subfield code="4">0</subfield>
    <subfield code="7">0</subfield>
    <subfield code="8">Baccah</subfield>
    <subfield code="a">MAIN</subfield>
    <subfield code="b">MAIN</subfield>
    <subfield code="c">1ST</subfield>
    <subfield code="d">2010-05-18</subfield>
    <subfield code="e">Purchase</subfield>
    <subfield code="l">0</subfield>
    <subfield code="o">600 TEC</subfield>
    <subfield code="p">000016353</subfield>
    <subfield code="r">2022-08-24 00:00:00</subfield>
    <subfield code="w">2010-05-18</subfield>
    <subfield code="y">CDVDDOC</subfield>
    <subfield code="z">The Manhattan project &amp; More Engineering Disasters</subfield>
  </datafield>
  <datafield tag="952" ind1=" " ind2=" ">
    <subfield code="0">0</subfield>
    <subfield code="1">0</subfield>
    <subfield code="2">ddc</subfield>
    <subfield code="4">0</subfield>
    <subfield code="7">0</subfield>
    <subfield code="8">Baccah</subfield>
    <subfield code="a">MAIN</subfield>
    <subfield code="b">MAIN</subfield>
    <subfield code="c">1ST</subfield>
    <subfield code="d">2010-05-18</subfield>
    <subfield code="e">Purchase</subfield>
    <subfield code="l">0</subfield>
    <subfield code="o">600 TEC</subfield>
    <subfield code="p">000016354</subfield>
    <subfield code="r">2022-08-24 00:00:00</subfield>
    <subfield code="w">2010-05-18</subfield>
    <subfield code="y">CDVDDOC</subfield>
    <subfield code="z">The World's Longest Bridge &amp; Walt Disney World</subfield>
  </datafield>
</record>
